Stockholm metro stations - Statistics

General Stats
  • This quiz has been taken 1,007 times
  • The average score is 50 of 100
Answer Stats
Line Answer % Correct
All T-Centralen
90%
Green, Red Gamla stan
86%
Green, Red Slussen
84%
Green Odenplan
73%
Blue Akalla
69%
Blue Kungsträdgården
69%
Red Östermalmstorg
69%
Blue, Green Fridhemsplan
67%
Green Hötorget
67%
Green Farsta
66%
Blue Rinkeby
66%
Green Alvik
65%
Green Globen
65%
Red Mariatorget
65%
Green Medborgarplatsen
65%
Green Gullmarsplan
64%
Red Ropsten
64%
Green Hässelby strand
63%
Green Skanstull
63%
Red Liljeholmen
62%
Red Mörby centrum
62%
Green Sankt Eriksplan
62%
Red Tekniska högskolan
61%
Red Universitetet
60%
Green Rådmansgatan
59%
Blue Solna centrum
59%
Red Stadion
59%
Green Farsta strand
58%
Red Gärdet
58%
Red Hornstull
58%
Red Karlaplan
58%
Blue Rådhuset
58%
Blue Tensta
58%
Red Zinkensdamm
58%
Red Fruängen
57%
Green Brommaplan
56%
Red Norsborg
56%
Green Hagsätra
55%
Blue Hjulsta
55%
Blue Kista
55%
Green Skarpnäck
55%
Red Telefonplan
54%
Green Vällingby
53%
Red Fittja
52%
Red Midsommarkransen
51%
Blue Västra skogen
50%
Green Abrahamsberg
49%
Blue Hallonbergen
49%
Green Hässelby gård
49%
Red Alby
48%
Blue Husby
48%
Red Danderyds sjukhus
47%
Blue Stadshagen
47%
Green Bagarmossen
46%
Red Bredäng
46%
Green Kristineberg
46%
Red Skärholmen
46%
Green Thorildsplan
46%
Green Blåsut
44%
Green Åkeshov
43%
Green Blackeberg
43%
Green Rågsved
43%
Green Skogskyrkogården
43%
Red Bergshamra
42%
Blue Solna strand
42%
Red Aspudden
41%
Green Gubbängen
41%
Green Hammarbyhöjden
41%
Blue Rissne
41%
Green Skärmarbrink
41%
Green Enskede gård
40%
Red Mälarhöjden
40%
Green Råcksta
40%
Green Stora mossen
40%
Red Vårby gård
40%
Green Hökarängen
39%
Green Islandstorget
39%
Green Högdalen
38%
Red Sätra
38%
Red Axelsberg
37%
Blue Duvbo
37%
Red Hallunda
37%
Green Kärrtorp
37%
Red Hägerstensåsen
36%
Blue Huvudsta
36%
Blue Näckrosen
36%
Red Örnsberg
36%
Green Stureby
36%
Blue Sundbybergs centrum
36%
Red Masmo
35%
Red Vårberg
34%
Red Västertorp
34%
Green Tallkrogen
33%
Green Bandhagen
32%
Green Svedmyra
32%
Green Ängbyplan
31%
Green Sandsborg
31%
Green Björkhagen
29%
Green Johannelund
29%
Green Sockenplan
29%
No matching quizzes found
Score Distribution
Percent of People with Each Score
Percentile by Number Answered
Your Score History
You have not taken this quiz